| 000 | 00814cam a2200265 4500 | ||
|---|---|---|---|
| 008 | 090401t1988 xxu||||| |||| 00| 0 eng d | ||
| 020 | _a0854063749 | ||
| 035 | _a(Sirsi) u46201 | ||
| 041 | _aeng | ||
| 050 | _a711.558 | ||
| 090 | _aRICS 1988/22 ABCD | ||
| 100 | _aSymonds, Barry | ||
| 245 | _aLeisure and recreation: the Peterborough experience | ||
| 260 |
_aLondon _bSurveyors Publications _c1988 |
||
| 300 | _a91p. ; 17 x 24cm. | ||
| 350 | _a9.95 | ||
| 490 |
_aPlanning (for the Natural and Built Environment) _v6 and Development Case Study |
||
| 520 | _aPublished for Royal Institution of Chartered Surveyors , Planning and Development Division | ||
| 650 | _aLEISURE | ||
| 650 | _aRECREATION | ||
| 650 | _aSPORTS CENTRES | ||
| 650 | _aSPORTS FACILITIES | ||
| 942 | _n0 | ||
| 948 | _c04/03/1997 | ||
| 999 |
_c91885 _d91885 |
||